000 00592nam a2200205 a 4500
005 20220811064106.0
008 080219s2005 es r 000 0 spa d
020 _a8466745785
035 _aUPN01000154327
049 _aI
050 4 _aPZ76.3
_bN4.2
100 1 _aNesquens, Daniel,
_d1967-
_931792
245 1 3 _aEl ciempiés /
_cDaniel Nesquens ; il. de Fino Lorenzo.
260 _aMadrid :
_bAnaya,
_c2005.
300 _a40 p. :
_bil. col.
440 0 _aSopa de libros ;
_v104
650 0 _aAnimales
_vCuentos y leyendas
_9234
650 4 _aConcepto de número
_93973
905 _aInfantil
999 _c126444
_d126444